000 00360nam a2200133Ia 4500
999 _c10990
_d10990
082 _a004.07 BAS;
245 0 _aBasic: by Microsoft
260 _as.l.
_bs.n.
_c0
300 _axiii, v.p.
500 _aPersonal computer hardware reference library
650 _aIBM Personal Computer - Programming
650 _aComputers - Study and teaching
942 _cBK
_2ddc